| 000 | 00595cab a2200205 4500 | ||
|---|---|---|---|
| 001 | WB2738-28 | ||
| 008 | 090401t1991 xxu||||| |||| 00| 0 eng d | ||
| 035 | _a(Sirsi) u1615 | ||
| 041 | _aeng | ||
| 245 | _aLuxury and profit | ||
| 260 | _c1991 | ||
| 350 | _a0 | ||
| 490 |
_aTimes _v2 October 1991, 34(1) |
||
| 520 | _aDiscusses what the word `luxury` means in housing terms and what value, if any, is added by luxury fittings such as swimming pools and squash courts. | ||
| 650 | _aADDED VALUE | ||
| 650 | _aFIXTURES AND FITTINGS | ||
| 690 | _aHOUSING | ||
| 942 | _n0 | ||
| 948 | _c04/03/1997 | ||
| 999 |
_c916 _d916 |
||